রবিশঙ্কর-বিলায়েৎ : (Record no. 253988)
[ view plain ]
| 000 -LEADER | |
|---|---|
| fixed length control field | 01137nam a22002417a 4500 |
| 003 - CONTROL NUMBER IDENTIFIER | |
| control field | BD-DhUL |
| 005 - DATE AND TIME OF LATEST TRANSACTION | |
| control field | 20210623102507.0 |
| 008 - FIXED-LENGTH DATA ELEMENTS--GENERAL INFORMATION | |
| fixed length control field | 210314s2016 bg a|||| |||| 000 0 ben |
| 020 ## - INTERNATIONAL STANDARD BOOK NUMBER | |
| International Standard Book Number | 9789849225683 (hbk) |
| 040 ## - CATALOGING SOURCE | |
| Transcribing agency | BD-DhUL |
| Modifying agency | BD-DhUL |
| 082 ## - DEWEY DECIMAL CLASSIFICATION NUMBER | |
| Classification number | 787.82092 |
| Item number | ROB |
| 245 10 - TITLE STATEMENT | |
| Title | রবিশঙ্কর-বিলায়েৎ : |
| Remainder of title | একটি অশ্রুত যুগলবন্দি / |
| Statement of responsibility, etc. | সম্পাদক, শঙ্করলাল ভট্টাচার্য। |
| 246 10 - VARYING FORM OF TITLE | |
| Title proper/short title | Ravishankar-Vilayat : |
| Remainder of title | ekti aushruta yugalbandi |
| 260 ## - PUBLICATION, DISTRIBUTION, ETC. (IMPRINT) | |
| Place of publication, distribution, etc. | ঢাকা : |
| Name of publisher, distributor, etc. | বেঙ্গল, |
| Date of publication, distribution, etc. | ২০১৬। |
| 300 ## - PHYSICAL DESCRIPTION | |
| Extent | ১৯২ পৃ. : |
| Other physical details | চিত্র ; |
| Dimensions | ২৩ সেমি. |
| 365 ## - TRADE PRICE | |
| Price type code | BDT |
| Price amount | 500.00 |
| 600 1# - SUBJECT ADDED ENTRY--PERSONAL NAME | |
| Personal name | শঙ্কর, রবি, |
| Dates associated with a name | ১৯২০-২০১২ |
| General subdivision | জীবনী। |
| 600 1# - SUBJECT ADDED ENTRY--PERSONAL NAME | |
| Personal name | Shankar, Ravi, |
| Dates associated with a name | 1920-2012 |
| General subdivision | Biography |
| 600 1# - SUBJECT ADDED ENTRY--PERSONAL NAME | |
| Personal name | খাঁ, বিলায়েত, |
| Dates associated with a name | ১৯২৮-২০০৪ |
| General subdivision | জীবনী। |
| 600 1# - SUBJECT ADDED ENTRY--PERSONAL NAME | |
| Personal name | Khan, Vilayat, |
| Dates associated with a name | 1928-2004 |
| General subdivision | Biography |
| 700 1# - ADDED ENTRY--PERSONAL NAME | |
| Personal name | ভট্টাচার্য, শঙ্করলাল, |
| Relator term | সম্পা. |
| 942 ## - ADDED ENTRY ELEMENTS (KOHA) | |
| Source of classification or shelving scheme | |
| Koha item type | Books |
| Price effective from | Date last seen | Permanent Location | Not for loan | Date acquired | Source of classification or shelving scheme | Koha item type | Lost status | Withdrawn status | Copy number | Source of acquisition | Collection code | Damaged status | Shelving location | Barcode | Current Location | Full call number |
|---|---|---|---|---|---|---|---|---|---|---|---|---|---|---|---|---|
| 2021-03-14 | 2021-03-14 | Dhaka University Library | 2020-11-26 | Books | 1 | Purchased | Fiction | General Stacks | 519324 | Dhaka University Library | 787.82092 ROB | |||||
| 2021-03-14 | 2021-03-14 | Dhaka University Library | 2020-11-26 | Books | 2 | Purchased | Fiction | General Stacks | 519325 | Dhaka University Library | 787.82092 ROB |
